| 000 | 00485nam a2200121Ia 4500 | ||
|---|---|---|---|
| 008 | 220620s9999||||xx |||||||||||||| ||und|| | ||
| 100 | _aJordi Lopez Pujol | ||
| 245 | 4 | _aThe Importance of Biological Interactions in the Study of Biodiversity | |
| 546 | _aEnglish[eng] | ||
| 650 | _aLife Sciences||Geological Engineering||Biofuels||Environmental Sciences | ||
| 856 | _uhttps://www.intechopen.com/books/the-importance-of-biological-interactions-in-the-study-of-biodiversity | ||
| 942 | _cEB | ||
| 999 |
_c26925 _d26925 |
||